Länder, die Taiwan noch als Republik China anerkennen - Statistiken

Allgemein
  • Dieses Quiz wurde 107 mal gespielt
  • Das Durchschnittsergebnis liegt bei 12 aus 17
Antwortstatistiken
Land Kontinent % Korrekt
Nicaragua Nordamerika
83%
Palau Ozeanien
81%
Guatemala Nordamerika
80%
Honduras Nordamerika
79%
Belize Nordamerika
78%
Haiti Nordamerika
77%
Nauru Ozeanien
77%
Tuvalu Ozeanien
75%
Salomonen Ozeanien
74%
Paraguay Südamerika
73%
St. Vincent und die Grenadinen Nordamerika
73%
Kiribati Ozeanien
72%
Marshallinseln Ozeanien
70%
St. Kitts und Nevis Nordamerika
70%
St. Lucia Nordamerika
70%
Vatikanstadt Europa
56%
Taiwan Asien
44%
Keine übereinstimmenden Quizze gefunden
Verteilung der Resultate
Anzahl Personen mit jedem Resultat
Perzentil nach korrekt beantworteten Fragen
Ihre Resultats-Entwicklung
Sie haben dieses Quiz noch nicht gespielt